00347nam a2200121Ia 4500003000400000008004100004040001600045082001500061100002000076245008500096260003400181300001000215GCL140319s9999 xx 000 0 eng d aGCL / cGCL04a320.3bK U1 aKAMRAVA, MEBRAN10aUNDERSTANDING COMPARATIVE POLITICS: A FRAMEWORK FOR ANAYLSIS / cKAMRAVA, MEBRAN a[S.N] : bROUTLEDGE ، c1996 a223 P